Les métropoles et leurs habitants - 6ème - Statistiques

Statistiques générales
  • Ce quiz a été pris 169 fois
  • Le résultat moyen est 7 sur 10
Statistiques - réponses
Question Réponse % Correct
Comment appelle t-on un ensemble d'habitations construites avec des matériaux de récupérations ? Un bidonville
94%
Quel bâtiment parisien incarne le pouvoir politique ? Le Palais de l'Elysée
85%
Que trouve t-on dans le quartier de la Défense ? Des gratte-ciels
83%
Dans quel pays se situe la ville de Lagos ? Nigeria
78%
Qu'est-ce qu'une métropole ? Une grande ville de plus de 10 millions d'habitants qui concentre les pouvoirs politiques et économiques.
78%
Quelle ville n'est pas une métropole ? Marseille
68%
Quelle est la plus grande ville du monde ? Tokyo
68%
Quel type de pays regroupe les pays les plus pauvres ? Pays en développement
59%
Lequel de ces problèmes n'est pas la conséquence de la surpopulation des villes ? Incendie
56%
Quelle est la proportion actuelle de personnes vivant en ville ? 55% de la population mondiale
41%
Aucun quiz correspondant
Distribution des résultats
% des personnes avec chaque résultat
Percentile par nombre de réponses
Votre historique - résultats
Vous n’avez pas pris ce quiz